Catalog

Record Details

Catalog Search



Available copies

  • 2 of 3 copies available at LARL/NWRL Consortium.
  • 1 of 2 copies available at Lake Agassiz Regional Library. (Show preferred library)

Current holds

0 current holds with 3 total copies.

Show Only Available Copies
Location Call Number / Copy Notes Barcode Shelving Location Status Due Date
Hawley Public Library SF MCG (Text) 33500012259594 Main Available -
Moorhead Public Library SF MCG (Text) 33500012259602 Main Checked out 07/21/2026
Roseau Public Library MCG (Text) 35500005762800 Main Available -

Record details

  • ISBN: 9780765385505
  • ISBN: 0765385503
  • Physical Description: 173 pages ; 22 cm
  • Edition: First edition.
  • Publisher: New York, NY : Tom Doherty Associates, 2016.

Content descriptions

Summary, etc.:
Children have always disappeared from Eleanor ... Read More
Subject: Children > Institutional care > Fiction.
Magic > Fiction.
Schools > Fiction.
Genre: Fantasy fiction.
LDR 01963cam a2200373Ii 4500
001204052
003LARL_NWRL_CONSORTIUM
00520170609134634.0
008150507s2016 nyu 000 1 eng d
020 . ‡a9780765385505 ‡q(hardcover)
020 . ‡a0765385503 ‡q(hardcover)
020 . ‡z9780765383877 ‡q(e-book)
035 . ‡a(OCoLC)908628713
08204. ‡a813/.6 ‡223
1001 . ‡aMcGuire, Seanan. ‡0(LARL_NWRL_CONSORTIUM)217033
24510. ‡aEvery heart a doorway. ‡n#1 / ‡cSeanan McGuire.
250 . ‡aFirst edition.
264 1. ‡aNew York, NY : ‡bTom Doherty Associates, ‡c2016.
300 . ‡a173 pages ; ‡c22 cm
336 . ‡atext ‡btxt ‡2rdacontent
337 . ‡aunmediated ‡bn ‡2rdamedia
338 . ‡avolume ‡bnc ‡2rdacarrier
4900 . ‡aWayward children ; ‡v1
520 . ‡aChildren have always disappeared from Eleanor West's Home for Wayward Children under the right conditions; slipping through the shadows under a bed or at the back of a wardrobe, tumbling down rabbit holes and into old wells, and emerging somewhere ... else. But magical lands have little need for used-up miracle children. Nancy tumbled once, but now she's back. The things she's experienced ... they change a person. The children under Miss West's care understand all too well. And each of them is seeking a way back to their own fantasy world. But Nancy's arrival marks a change at the Home. There's a darkness just around each corner, and when tragedy strikes, it's up to Nancy and her new-found schoolmates to get to the heart of the matter. No matter the cost.
650 0. ‡aChildren ‡xInstitutional care ‡vFiction.
650 0. ‡aMagic ‡vFiction. ‡0(LARL_NWRL_CONSORTIUM)165984
650 0. ‡aSchools ‡vFiction. ‡0(LARL_NWRL_CONSORTIUM)167222
655 7. ‡aFantasy fiction. ‡2lcgft
901 . ‡a204052 ‡bOCoLC ‡c204052 ‡tbiblio ‡soclc

Additional Resources